[Event "London P&D Knights"]
[Site "London"]
[Date "1984.??.??"]
[Round "12"]
[White "McKay, Roderick M"]
[Black "Johansen, Darryl K"]
[Result "1-0"]
[WhiteElo "2355"]
[BlackElo "2475"]

1.e4 c5 2.Nf3 e6 3.d4 cxd4 4.Nxd4 Nc6 5.Nc3 a6 6.g3 Nge7 7.Nb3 d6 8.Bg2 b5
9.O-O Ng6 10.a4 b4 11.Ne2 Bd7 12.Ned4 Nxd4 13.Qxd4 a5 14.f4 Qc7 15.Rf2 Ne7
16.Be3 Nc6 17.Qc4 Be7 18.Nd4 O-O 19.Nb5 Qb8 20.Rd1 Nd8 21.Nxd6 Bxd6 22.e5 Nb7
23.exd6 Rc8 24.Qd3 f5 25.Bd4 Bxa4 26.Qe3 Nxd6 27.Qxe6+ Nf7 28.Bd5 Be8 29.Re1 Qc7
30.Bxa8 Bd7 31.Qd5  1-0

[Event "London P&D Knights"]
[Site "London"]
[Date "1984.??.??"]
[Round "15"]
[White "Large, Peter G"]
[Black "Johansen, Darryl K"]
[Result "1/2-1/2"]
[WhiteElo "2295"]
[BlackElo "2475"]

1.e4 c5 2.Nf3 e6 3.d4 cxd4 4.Nxd4 Nc6 5.Nc3 a6 6.g3 Nge7 7.Nde2 b5 8.Bg2 Bb7
9.O-O Nc8 10.b3 Be7 11.Bb2 O-O 12.Nf4 Nd6 13.Qd2 Rc8 14.Rfe1 f6 15.Nd3 Qb6
16.Kh1 Rfd8 17.f4 Nf7 18.Nd5 exd5 19.exd5 Bf8 20.dxc6 dxc6 21.Re6 Qc7 22.a4 c5
23.axb5 axb5 24.Qe2 c4 25.Ne1 Bxg2+ 26.Nxg2 cxb3 27.cxb3 Qc2 28.Qxc2 Rxc2
29.Bc1 Ne5 30.Ne3 Rd1+ 31.Nxd1 Nf3 32.Ra2 Rxa2 33.Bb2 Ba3 34.Re3 Nd2 35.Rd3 Ne4
36.Bxa3 Rxa3 37.Kg2 f5 38.Kf3 g6 39.g4 Nc5 40.Rd8+ Kf7 41.gxf5 Rxb3+ 42.Ne3 gxf5
43.Rd5 Rc3 44.Rxf5+ Ke6 45.Rh5 b4 46.Rh6+ Kd7 47.Rxh7+ Kc6 48.Rh6+ Kb5 49.Rh8 b3  1/2-1/2

[Event "Naleczow"]
[Site "Naleczow"]
[Date "1984.??.??"]
[Round "?"]
[White "Popovic, Petar"]
[Black "Ksieski, Zbigniew"]
[Result "1-0"]
[WhiteElo "2525"]
[BlackElo "2400"]

1.e4 c5 2.Nf3 e6 3.d4 cxd4 4.Nxd4 Nc6 5.Nc3 d6 6.g3 Nf6 7.Bg2 Bd7 8.O-O Be7
9.Nb3 O-O 10.g4 d5 11.exd5 Nxd5 12.Nxd5 exd5 13.h3 Be6 14.c3 Qd7 15.f4 g6
16.Be3 h5 17.f5 gxf5 18.gxf5 Bxf5 19.Qxh5 Bg6 20.Qxd5 Qxd5 21.Bxd5 Kh7 22.Nd4 Rg8
23.Kh1 Rad8 24.Bg2 Ne5 25.Nf5 Bf8 26.Rf4 Rh8 27.Bd4 f6 28.Rg1 Kg8 29.Nh4 Bg7
30.Bxb7 Bc2 31.Rg3 Rh5 32.Be4 Rg5 33.Rg2 Nd3 34.Bxd3 Bxd3 35.Rgf2 Bc4 36.b3 Be6
37.Kh2 Rh5 38.Rg2 Rg5 39.Bxf6 Rxg2+ 40.Nxg2 Rd3 41.Bxg7 Kxg7 42.h4 Rxc3 43.Ra4 Rc7
44.Kg3 Kf6 45.Kf4 Rg7 46.Ne3 Bc8 47.Ra5 a6 48.Rg5 Rf7 49.h5 Ke6+ 50.Rf5 Rg7
51.Rf8 Bd7 52.h6 Rh7 53.Nf5 Kd5 54.Kg5 Ke4 55.Ng7  1-0

[Event "Naleczow"]
[Site "Naleczow"]
[Date "1984.??.??"]
[Round "?"]
[White "Nicevski, Risto"]
[Black "Sokolov, Andrei"]
[Result "0-1"]
[WhiteElo "2390"]
[BlackElo "2505"]

1.e4 c5 2.Nf3 e6 3.d4 cxd4 4.Nxd4 Nc6 5.Nc3 a6 6.Nxc6 bxc6 7.Bd3 d6 8.O-O Nf6
9.Bg5 Be7 10.f4 h6 11.Bh4 Rb8 12.Kh1 Nd7 13.Bxe7 Qxe7 14.Na4 e5 15.Qe2 O-O
16.b3 exf4 17.Rxf4 Ne5 18.Bxa6 Ng6 19.Rf2 Bxa6 20.Qxa6 Qxe4 21.Re2 Qg4 22.h3 Qd7
23.Rd2 Qc7 24.Qf1 Rfe8 25.Re1 Ne5 26.c4 Re6 27.Qg1 Rbe8 28.Qb6 Qe7 29.Rde2 Qh4
30.Qg1 Nf3 31.Rxe6 Rxe6 32.Rxe6 Nxg1 33.Re8+ Kh7 34.Kxg1 Qd4+ 35.Kh2 Qf4+
36.Kh1 Qf2 37.Rc8 c5 38.Rc6 Qxa2 39.Rb6 h5 40.Rb5 g5 41.Nb6 g4 42.hxg4 hxg4
43.Kh2 Qf2  0-1

[Event "Naleczow"]
[Site "Naleczow"]
[Date "1984.??.??"]
[Round "?"]
[White "Kindermann, Stefan"]
[Black "Ksieski, Zbigniew"]
[Result "1-0"]
[WhiteElo "2490"]
[BlackElo "2400"]

1.e4 c5 2.Nf3 e6 3.d4 cxd4 4.Nxd4 Nc6 5.Nc3 d6 6.Be2 Nf6 7.O-O Be7 8.Kh1 O-O
9.f4 Nxd4 10.Qxd4 b6 11.Qf2 Bb7 12.Bd3 d5 13.e5 Ne4 14.Nxe4 dxe4 15.Be2 Qc7
16.c3 f6 17.Qg3 fxe5 18.fxe5 Rf5 19.Bf4 h5 20.Qg6 Qc6 21.Bh6 Bf8 22.Bxh5 Rxh5
23.Rxf8+ Kxf8 24.Bxg7+ Ke7 25.Rd1  1-0

[Event "New York op"]
[Site "New York"]
[Date "1984.??.??"]
[Round "7"]
[White "Popovych, Orest"]
[Black "Piasetski, Leon David"]
[Result "0-1"]
[WhiteElo "2260"]
[BlackElo "2390"]

1.e4 c5 2.Nf3 e6 3.d4 cxd4 4.Nxd4 Nc6 5.Nc3 a6 6.Be2 Nge7 7.f4 Qb6 8.Be3 Qxb2
9.Ndb5 axb5 10.Nxb5 Nf5 11.exf5 Bb4+ 12.Kf2 O-O 13.c3 Be7 14.a4 Ra5 15.Qd3 Qb3
16.Nc7 Rc5 17.Bxc5 Bxc5+ 18.Kg3 Qb6 19.Nb5 d5 20.Rhf1 exf5 21.Bf3 Rd8 22.h3 d4
23.Kh2 dxc3 24.Qxc3 Nd4 25.Rad1 Nxf3+ 26.Qxf3 Rf8 27.Rfe1 h6 28.Qc3 Be6 29.Kh1 Ra8
30.Re5 Be7 31.Qc2 Bf6 32.Ree1 Rc8 33.Qd2 Rc4 34.Rb1 Rxa4 35.Qd1 Rxf4 36.Nd6 Qf2
37.Nxb7 Qg3 38.Re2 Bc4 39.Re8+ Kh7 40.Qg1 Bd5 41.Re3 Bxg2+ 42.Qxg2 Qxe3 43.Rg1 Rf3
44.Qc2 Rxh3+ 45.Kg2 Qf3+  0-1

[Event "Novi Sad"]
[Site "Novi Sad"]
[Date "1984.??.??"]
[Round "?"]
[White "Sokolov, Andrei"]
[Black "Kurajica, Bojan"]
[Result "1-0"]
[WhiteElo "2505"]
[BlackElo "2530"]

1.e4 c5 2.Nf3 e6 3.d4 cxd4 4.Nxd4 Nc6 5.Nc3 a6 6.Nxc6 bxc6 7.Bd3 Qc7 8.O-O Nf6
9.f4 d6 10.Qe2 Nd7 11.Kh1 Be7 12.Bd2 O-O 13.Rf3 Nc5 14.Be3 Nxd3 15.cxd3 f5
16.Rc1 Rf7 17.Rg3 Rb8 18.b3 a5 19.Bd4 c5 20.Na4 fxe4 21.dxe4 Bh4 22.Rgc3 Rxf4
23.Nxc5 dxc5 24.Rxc5 Qd8 25.Be5 Rf2 26.Qg4 Qf8 27.h3 Rf1+ 28.Rxf1 Qxf1+ 29.Kh2 Qf8
30.Rc2 Bd7 31.Qxh4 Rc8 32.Rf2 Qe8 33.Bxg7  1-0

[Event "Novi Sad"]
[Site "Novi Sad"]
[Date "1984.??.??"]
[Round "?"]
[White "Ivanovic, Bozidar"]
[Black "Sokolov, Andrei"]
[Result "0-1"]
[WhiteElo "2515"]
[BlackElo "2505"]

1.e4 c5 2.Nf3 e6 3.d4 cxd4 4.Nxd4 Nc6 5.Nc3 a6 6.Be2 d6 7.Be3 Nf6 8.O-O Be7
9.Kh1 O-O 10.f4 Bd7 11.Qe1 b5 12.a3 Nxd4 13.Bxd4 Bc6 14.Rd1 Nxe4 15.Bd3 Nxc3
16.Qxc3 Rc8 17.Bxh7+ Kxh7 18.Qh3+ Kg8 19.Bxg7 Kxg7 20.Rxd6 Rh8 21.Rxd8 Bxd8
22.Qe3 Rh6 23.Kg1 Bd5 24.Rf2 Rc4 25.f5 Re4 26.Qg3+ Rg6 27.Qc3+ Bf6 28.Qd2 Rd4
29.fxg6 Rxd2 30.Rxd2 Bxb2 31.gxf7 Bxa3 32.h4 Bc5+ 33.Kh2 a5 34.g4 a4 35.g5 a3
36.Rd1 Kxf7 37.h5 a2 38.c3 Bd6+ 39.Kh3 Be5 40.g6+ Kg7 41.Rf1 Kh6  0-1

[Event "Novi Sad"]
[Site "Novi Sad"]
[Date "1984.??.??"]
[Round "?"]
[White "Velimirovic, Dragoljub"]
[Black "Marjanovic, Slavoljub"]
[Result "1-0"]
[WhiteElo "2505"]
[BlackElo "2515"]

1.e4 c5 2.Nf3 e6 3.d4 cxd4 4.Nxd4 Nc6 5.Nc3 Qc7 6.f4 a6 7.Be3 Na5 8.Bd3 b5
9.a3 Bb7 10.O-O Nc4 11.Bxc4 bxc4 12.e5 h5 13.Qe2 h4 14.h3 Be7 15.Rad1 Nh6
16.Rd2 f5 17.Rfd1 Nf7 18.Nxf5 exf5 19.Rxd7 Qc8 20.e6 Nd8 21.Bd4 Rh6 22.Bxg7 Rxe6
23.Qh5+ Nf7 24.Qh7 Nd6 25.Na4 Kxd7 26.Nb6+ Kc6 27.Nxc8 Rxc8 28.Be5 Re8 29.b3 Bc8
30.Qh5 Rg8 31.bxc4 Reg6 32.Qf3+ Ne4 33.g4 Bc5+ 34.Kh2 Bb7 35.Qd3 Kb6 36.Rb1+ Ka7
37.Rxb7+ Kxb7 38.Qd7+ Ka8 39.Qxf5 Ng3 40.Qf7 Nf1+ 41.Kg2 Ne3+ 42.Kf3 Bb6
43.f5 Nxf5 44.gxf5 Rg1 45.c5  1-0

[Event "NZD-ch"]
[Site "?"]
[Date "1984.??.??"]
[Round "?"]
[White "Sarapu, Ortvin"]
[Black "Small, Vernon A"]
[Result "1/2-1/2"]
[WhiteElo "2320"]
[BlackElo "2330"]

1.e4 c5 2.Nf3 e6 3.Nc3 Nc6 4.d4 cxd4 5.Nxd4 a6 6.f4 Nge7 7.Nf3 b5 8.Bd3 Qb6
9.Qe2 Ng6 10.h4 Bb4 11.h5 Nge7 12.Bd2 Bb7 13.a3 Bc5 14.O-O-O Nd4 15.Nxd4  1/2-1/2

[Event "NZD-ch"]
[Site "?"]
[Date "1984.??.??"]
[Round "?"]
[White "Small, Vernon A"]
[Black "Stuart, Peter"]
[Result "1/2-1/2"]
[WhiteElo "2330"]
[BlackElo "2250"]

1.e4 c5 2.Nf3 e6 3.d4 cxd4 4.Nxd4 Nc6 5.Nc3 Qc7 6.g3 a6 7.Bg2 Nf6 8.O-O Be7
9.Nce2 d6 10.c4 Bd7 11.b3 O-O 12.Bb2 Rfd8 13.Qd2 Rac8 14.Rfd1 Qb8 15.a4 Nxd4
16.Nxd4 b5 17.cxb5 axb5 18.axb5 Bxb5 19.Bc3 d5 20.Ba5 Rd7 21.e5 Ne8 22.Bh3 Rb7
23.Nxe6 Bd7 24.Nf4 Bxh3 25.Nxh3 Qxe5 26.Qxd5 Qxd5 27.Rxd5 Rxb3  1/2-1/2

[Event "CAN-ch+"]
[Site "Ottawa"]
[Date "1984.??.??"]
[Round "1"]
[White "Zuk, Robert D"]
[Black "Piasetski, Leon David"]
[Result "0-1"]
[WhiteElo "2200"]
[BlackElo "2390"]

1.e4 c5 2.Nf3 e6 3.d4 cxd4 4.Nxd4 Nc6 5.Nc3 a6 6.g3 Nge7 7.Nde2 b5 8.Bg2 Bb7
9.Bf4 Nc8 10.O-O d6 11.Be3 Nb6 12.b3 Be7 13.Qd2 O-O 14.f4 Rb8 15.Rac1 Re8
16.Nd1 Bf8 17.Nf2 a5 18.Nd4 Nxd4 19.Qxd4 Nd7 20.Qd2 Bc6 21.Rfd1 Rb7 22.Qe1 Qa8
23.Bd2 Ra7 24.Be3 Ra6 25.Qf1 e5 26.f5 Nc5 27.c4 b4 28.Bxc5 dxc5 29.Rd3 a4
30.Rcd1 axb3 31.axb3 Ra2 32.f6 g6 33.Bf3 Qa5 34.Qh3 Ra1 35.Bg4 Rxd1+ 36.Rxd1 Rd8
37.Bd7 Bb7 38.Ng4 Qb6 39.Rf1 h5 40.Nxe5 Qd6  0-1

[Event "CAN-ch"]
[Site "Ottawa"]
[Date "1984.??.??"]
[Round "7"]
[White "Hartman, Brian"]
[Black "Piasetski, Leon David"]
[Result "0-1"]
[WhiteElo "2230"]
[BlackElo "2390"]

1.e4 c5 2.Nf3 e6 3.d4 cxd4 4.Nxd4 Nc6 5.Nc3 a6 6.Nxc6 bxc6 7.Bd3 d5 8.O-O Nf6
9.Re1 Be7 10.e5 Nd7 11.Qg4 g6 12.Bh6 Qc7 13.Qh3 Rg8 14.Bf4 h5 15.Na4 g5 16.Bd2 Nxe5
17.Qxh5 c5 18.Qh7 Rf8 19.Qh5 Bd7 20.Nc3 Nxd3 21.cxd3 O-O-O 22.h3 Bc6 23.Rac1 Kb7
24.Qd1 Rh8 25.Na4 Bxa4 26.Qxa4 Qc6 27.Qxc6+ Kxc6 28.b4 Rh4 29.bxc5 Ra4 30.Rc2 Rb8
31.g4 Rb5 32.Kf1 a5 33.Ke2 Rxc5 34.Rec1 Rxc2 35.Rxc2+ Kd7 36.Rb2 Kc6 37.Bc3 f6
38.Rc2 Kd7 39.Rb2 e5 40.Bd2 Bb4 41.f3 Kc6 42.Kd1 Bc5 43.Rc2 Kb5 44.Ke2 Bd4
45.Bc1 Rb4 46.Rc8 Ka4 47.Rc6 Rb1 48.Rc2 Ra1 49.Kd2 Kb4 50.Ke2 Ka4 51.Kd2 Bf2
52.Kc3 Rb1 53.Kd2 Bg3 54.Ke2 Bf4 55.Bxf4 exf4 56.d4 Rh1 57.Rc5 Rh2+ 58.Kd3 Rxh3
59.Rxd5 Rxf3+ 60.Ke4 Rg3 61.Rf5 Rxg4 62.d5 Rg1 63.d6 Rd1 64.Rxf6 Kb5 65.Kf5 Rd5+
66.Ke6 Kc5 67.Kd7 f3 68.Kc7 g4 69.d7 Rxd7+ 70.Kxd7 Kd5 71.Ke7 Ke4 72.Rg6 Kf4
73.Rf6+ Ke3 74.Ke6 f2 75.Kd5 g3 76.Re6+ Kf3 77.Rf6+ Kg2  0-1

[Event "Oxford"]
[Site "Oxford"]
[Date "1984.??.??"]
[Round "9"]
[White "Cox, John J"]
[Black "Ligterink, Gert"]
[Result "0-1"]
[WhiteElo "2350"]
[BlackElo "2445"]

1.e4 c5 2.Nf3 e6 3.d4 cxd4 4.Nxd4 Nc6 5.Nc3 d6 6.Be2 Nf6 7.O-O Be7 8.Be3 O-O
9.f4 a6 10.a4 Qc7 11.Kh1 Re8 12.Bf3 Na5 13.g4 Nc4 14.Bc1 e5 15.Nf5 Bxf5 16.exf5 d5
17.g5 d4 18.gxf6 dxc3 19.fxe7 cxb2 20.Bxb2 Nxb2 21.Qc1 e4 22.Rg1 Qc3 23.Bxe4 Rxe7
24.Rg3 Qf6 25.Bg2 Rae8 26.Rb3 Nc4 27.Rxb7 Qxa1 28.Qxa1 Re1+ 29.Qxe1 Rxe1+
30.Bf1 Rxf1+ 31.Kg2 Ne3+  0-1

[Event "Pernik"]
[Site "Pernik"]
[Date "1984.??.??"]
[Round "11"]
[White "Antonov, Vladimir"]
[Black "Lau, Ralf"]
[Result "0-1"]
[WhiteElo "2360"]
[BlackElo "2375"]

1.e4 c5 2.Nf3 e6 3.d4 cxd4 4.Nxd4 Nc6 5.Nc3 d6 6.Be2 Be7 7.O-O Nf6 8.Be3 O-O
9.f4 e5 10.fxe5 dxe5 11.Nf5 Bxf5 12.Rxf5 Qxd1+ 13.Rxd1 g6 14.Rff1 Nd4 15.Rd2 Kg7
16.Bd1 Rad8 17.Rdf2 h6 18.g4 Nh7 19.Nd5 Bg5 20.c3 Bxe3 21.Nxe3 Ne6 22.h4 Nf4
23.Kh2 Rd3 24.Re1 Rfd8 25.Bc2 Rd2 26.Rf1 Nf6 27.Kg3 Rxf2 28.Kxf2 Rd2+ 29.Kf3 Rh2
30.Rd1 Rxh4 31.Rd8 Rh3+ 32.Kf2 Rh2+  0-1

[Event "Plovdiv"]
[Site "Plovdiv"]
[Date "1984.??.??"]
[Round "4"]
[White "Georgiev, Kiril"]
[Black "Taimanov, Mark E"]
[Result "1-0"]
[WhiteElo "2430"]
[BlackElo "2515"]

1.e4 c5 2.Nf3 Nc6 3.d4 cxd4 4.Nxd4 e6 5.Nc3 a6 6.Be2 Nge7 7.O-O Nxd4 8.Qxd4 Nc6
9.Qd3 Nb4 10.Qd2 Be7 11.b3 O-O 12.Bb2 Qc7 13.Rad1 b5 14.a3 Nc6 15.Qe3 b4
16.Nb1 Rd8 17.a4 Na5 18.Bd3 Bb7 19.Bd4 Rdc8 20.Bb6 Qe5 21.Bd4 Qh5 22.Nd2 Bc5
23.Nc4 Bxd4 24.Qxd4 Nxc4 25.Bxc4 h6 26.f3 Rc7 27.Qb6 Rac8 28.Qxb4 Qg5 29.Qd2 a5
30.Rf2 Bc6 31.Ba6 Bb7 32.Bb5 Bc6 33.Qxa5 Bxb5 34.Qxb5 d5 35.Rdd2 Qe5 36.exd5 exd5
37.Qxd5 Qe1+ 38.Rf1 Qe3+ 39.Kh1 Rxc2 40.Rxc2 Rxc2 41.Qa8+ Kh7 42.Qe4+ Qxe4
43.fxe4 Rb2 44.a5 Rxb3 45.Ra1 Rb7 46.a6 Ra7 47.g4 Kg6 48.Ra5 Kf6 49.Kg2 Ke6
50.Kf3 Kd6 51.e5+ Kc6 52.Ke4 Kc7 53.h4 Kc6 54.Kf5 Kc7 55.e6 fxe6+ 56.Kxe6 Kc6
57.Kf5 Kd6 58.Kg6 Ke6 59.Rb5 Rxa6 60.Kxg7 Ra4 61.g5 Rxh4 62.g6 h5 63.Kh7 Rg4
64.g7 Kf7 65.Rf5+  1-0

[Event "Plovdiv"]
[Site "Plovdiv"]
[Date "1984.??.??"]
[Round "11"]
[White "Short, Nigel D"]
[Black "Taimanov, Mark E"]
[Result "1-0"]
[WhiteElo "2500"]
[BlackElo "2515"]

1.e4 c5 2.Nf3 Nc6 3.d4 cxd4 4.Nxd4 e6 5.Nc3 a6 6.g3 Nge7 7.Nb3 d6 8.a4 Bd7
9.a5 Nc8 10.Be2 Be7 11.Be3 O-O 12.O-O Bf6 13.Na4 Qe8 14.c4 N6e7 15.Nd4 Bxd4
16.Bxd4 e5 17.Bc3 Bc6 18.Bd3 f5 19.f3 fxe4 20.fxe4 Rxf1+ 21.Kxf1 Kh8 22.b4 Ng8
23.Bd2 Nce7 24.Nc3 Nf6 25.Kg1 Bd7 26.b5 Be6 27.b6 Qg6 28.Be3 Ng4 29.Qe2 Nc6
30.Nd5 Rf8 31.Rf1 Rxf1+ 32.Qxf1 Nxe3 33.Qf8+ Bg8 34.Nxe3 Qf6 35.Qxf6 gxf6
36.Nf5 Nxa5 37.Nxd6 Be6 38.c5 Bd7 39.Bc4 Bc6 40.Bd5 Kg7 41.Nxb7  1-0

[Event "POL-ch"]
[Site "Poznan"]
[Date "1984.??.??"]
[Round "3"]
[White "Swic, Waldemar"]
[Black "Flis, Jacek"]
[Result "1-0"]
[WhiteElo "2365"]
[BlackElo "2360"]

1.e4 c5 2.Nf3 e6 3.d4 cxd4 4.Nxd4 Nc6 5.Nc3 a6 6.Nxc6 bxc6 7.Bd3 d5 8.O-O Nf6
9.e5 Nd7 10.Re1 a5 11.Na4 Ba6 12.Bxa6 Rxa6 13.c4 Be7 14.Qg4 Kf8 15.cxd5 cxd5
16.Qd4 f6 17.exf6 Bxf6 18.Qd3 Qc8 19.Bf4 Qb7 20.Rac1 Rc6 21.Rxc6 Qxc6 22.Qb3 e5
23.Rc1 Qe6 24.Bd2 Bd8 25.Nc5 Nxc5 26.Rxc5 Kf7 27.Rxd5 Be7 28.Bc3 a4 29.Qd1 Bf6
30.Rd7+ Kg6 31.Qxa4 e4 32.Bxf6 gxf6 33.Qd1 Rc8 34.h3 h5 35.b3 Rc5 36.Qd4 Qf5
37.Qd2 Qe5 38.Rd4 Qf5 39.Qe3 Rc2 40.Qxe4 Qxe4 41.Rxe4 Rxa2  1-0

[Event "Poznan"]
[Site "Poznan"]
[Date "1984.??.??"]
[Round "8"]
[White "Lanc, Alois"]
[Black "Doda, Zbigniew"]
[Result "0-1"]
[WhiteElo "2410"]
[BlackElo "2340"]

1.e4 c5 2.Nf3 e6 3.d4 cxd4 4.Nxd4 Nc6 5.Nc3 a6 6.Be3 Qc7 7.Bd3 Nf6 8.O-O Bd6
9.h3 b5 10.a3 Nxd4 11.Bxd4 Bb7 12.Qe2 e5 13.Be3 h6 14.Rad1 O-O 15.Rfe1 Bc5
16.Qf3 Bxe3 17.Rxe3 d6 18.g4 Qe7 19.Qg3 Rad8 20.h4 g6 21.Rde1 Kg7 22.Bf1 Rh8
23.Bg2 Qe6 24.Bh3 Qc4 25.h5 g5 26.Bf1 Qe6 27.f3 Rhe8 28.Bd3 Nd7 29.Rd1 Qf6
30.a4 b4 31.Na2 d5 32.exd5 Qb6 33.Qf2 Bxd5 34.Bf5 Nf6 35.Red3 Qb8 36.Nc1 e4
37.fxe4 Bxe4 38.Bxe4 Nxe4 39.Qf5 Rxd3 40.Rxd3 Nf6 41.Kf1 Qe5 42.Qxe5 Rxe5  0-1

[Event "POL-ch"]
[Site "Poznan"]
[Date "1984.??.??"]
[Round "12"]
[White "Sznapik, Aleksander"]
[Black "Flis, Jacek"]
[Result "1/2-1/2"]
[WhiteElo "2460"]
[BlackElo "2360"]

1.e4 c5 2.Nf3 e6 3.d4 cxd4 4.Nxd4 Nc6 5.Nc3 Qc7 6.Be3 a6 7.Bd3 Nf6 8.O-O Ne5
9.h3 Bc5 10.Qe2 d6 11.f4 Ng6 12.Kh1 O-O 13.Rae1 e5 14.fxe5 dxe5 15.Nf5 Bxe3
16.Qxe3 Be6 17.Qg5 Qd8 18.Rd1 Nd7 19.Qg3 Kh8 20.Be2 Qc7 21.h4 Bxf5 22.exf5 Nf4
23.Bf3 Nf6 24.Qf2 Rad8 25.Rfe1 b5 26.a3 Rxd1 27.Rxd1 g6 28.fxg6 hxg6 29.Qd2 Kg7
30.Qd6 Ne6 31.Qxc7 Nxc7 32.Rd6 Re8 33.Rc6 Re7 34.g4 Nfe8 35.g5 f5 36.gxf6+ Nxf6
37.Ne4 Nfd5 38.Ng5 Nf4 39.Ne4 a5 40.c3 Nfe6 41.Bg4 b4 42.a4 bxc3 43.bxc3 Nf4
44.Rc5 Ncd5 45.Rxa5  1/2-1/2

[Event "Ramsgate"]
[Site "Ramsgate/Margate"]
[Date "1984.??.??"]
[Round "?"]
[White "Knoppert, Erik G J"]
[Black "Povah, Nigel E"]
[Result "1-0"]
[WhiteElo "2245"]
[BlackElo "2355"]

1.e4 c5 2.Ne2 e6 3.Nbc3 Nc6 4.d4 cxd4 5.Nxd4 Nf6 6.Ndb5 d6 7.Bf4 e5 8.Bg5 a6
9.Na3 b5 10.Bxf6 gxf6 11.Nd5 f5 12.Bxb5 axb5 13.Nxb5 Qa5+ 14.c3 Qa4 15.Nbc7+ Kd8
16.Nxa8 Qxa8 17.O-O fxe4 18.Nb6 Qb7 19.Nxc8 Qxc8 20.Qd5 f5 21.a4 Kd7 22.Rfd1 Be7
23.b4 Qg8 24.Qb5 Qa8 25.a5 Rb8 26.Qc4 Na7 27.Qf7 Rf8 28.Rxd6+ Kxd6 29.Rd1+ Kc6
30.Qd5+ Kc7 31.Qxe5+  1-0

[Event "Reykjavik"]
[Site "Reykjavik"]
[Date "1984.??.??"]
[Round "?"]
[White "Sigurjonsson, Gudmundur"]
[Black "Cramling, Pia"]
[Result "1-0"]
[WhiteElo "2470"]
[BlackElo "2405"]

1.e4 c5 2.Nf3 e6 3.d4 cxd4 4.Nxd4 Nc6 5.Nc3 a6 6.Be2 d6 7.O-O Nf6 8.Be3 Be7
9.f4 O-O 10.a4 Qc7 11.Kh1 Rd8 12.Bd3 Nxd4 13.Bxd4 e5 14.Be3 exf4 15.Rxf4 Be6
16.Nd5 Bxd5 17.exd5 Re8 18.Bd4 Qa5 19.c3 Bd8 20.Qf3 Qc7 21.Bxf6 Bxf6 22.Rxf6 gxf6
23.Qg4+ Kf8 24.Bxh7 Re5 25.Qg8+ Ke7 26.Qxa8 Qb6 27.h3  1-0

[Event "Rome"]
[Site "Rome"]
[Date "1984.??.??"]
[Round "4"]
[White "Gobet, Fernand"]
[Black "Zichichi, Alvise"]
[Result "1-0"]
[WhiteElo "2380"]
[BlackElo "2370"]

1.e4 c5 2.Nf3 e6 3.d4 cxd4 4.Nxd4 Nc6 5.Nc3 Qc7 6.g3 a6 7.Bg2 d6 8.O-O Bd7
9.Re1 Be7 10.Nxc6 bxc6 11.b3 Rd8 12.Bb2 Bf6 13.Qe2 Bc8 14.Rad1 Ne7 15.f4 e5
16.Na4 exf4 17.e5 Bxe5 18.Bxe5 dxe5 19.Rxd8+ Qxd8 20.Qxe5 Be6 21.Qxg7 Rf8
22.Nc5 fxg3 23.hxg3 Qb6 24.Qd4 Qc7 25.Ne4 Nf5 26.Qc5 Rh8 27.Rd1 Qe7 28.Qe5 Qa7+
29.Kh2 Rf8 30.Nd6+  1-0

[Event "Rome"]
[Site "Rome"]
[Date "1984.??.??"]
[Round "5"]
[White "Inkiov, Ventzislav"]
[Black "Gobet, Fernand"]
[Result "1/2-1/2"]
[WhiteElo "2490"]
[BlackElo "2380"]

1.e4 c5 2.Nf3 e6 3.d4 cxd4 4.Nxd4 Nc6 5.Nc3 Qc7 6.g3 a6 7.Bg2 d6 8.O-O Be7
9.Re1 Bd7 10.Nxc6 Bxc6 11.Bf4 Nf6 12.e5 dxe5 13.Bxe5 Qc8 14.Ne4 Nxe4 15.Bxe4 Bxe4
16.Rxe4 f6 17.Bd6 Qd7 18.Bxe7 Qxe7 19.Qe2 e5 20.f4 O-O 21.fxe5 fxe5 22.Rxe5 Qf6
23.Qe3 Rad8 24.Re1 Kh8 25.c3 h6 26.Re7 Qf5 27.Re4 Qb5 28.b3 Rd3 29.Re8 Rxe8
30.Qxe8+ Qxe8 31.Rxe8+ Kh7 32.c4 Rd2 33.Re7 b5 34.cxb5 axb5 35.a4 bxa4 36.bxa4 Ra2
37.Re4 Kg6 38.h4 h5 39.Rf4 Kh6 40.Kf1 g5 41.Rc4 Kg6 42.Ke1 g4 43.Rc6+ Kf5
44.Rc4 Kg6 45.Rf4 Rg2 46.Rf2 Rg1+ 47.Ke2 Rxg3 48.Rf1 Ra3 49.Rf4 Rh3 50.Rf1 Rxh4  1/2-1/2

[Event "Rostock"]
[Site "Rostock"]
[Date "1984.??.??"]
[Round "?"]
[White "Tischbierek, Raj"]
[Black "Tseshkovsky, Vitaly"]
[Result "1-0"]
[WhiteElo "2460"]
[BlackElo "2490"]

1.e4 c5 2.Nf3 Nc6 3.d4 cxd4 4.Nxd4 e6 5.Nc3 d6 6.Be2 Nf6 7.O-O Be7 8.Be3 O-O
9.f4 Bd7 10.Nb3 a6 11.a4 b6 12.Bf3 Qc7 13.Qe2 Rfc8 14.g4 Be8 15.g5 Nd7 16.Bg2 Na5
17.f5 Qc4 18.fxe6 fxe6 19.Bh3 Bf7 20.Qd1 Nc5 21.Nxc5 Rxc5 22.Rxf7 Kxf7 23.Qh5+ Kg8
24.Nd5 Bf8 25.Bxe6+ Kh8 26.Qf7 Be7 27.Qxe7 Nc6 28.Qxd6 Rd8 29.Qf4 Nd4 30.Bxd4 Qxd4+
31.Kh1 Rxc2 32.Rf1 g6 33.Qf8+  1-0

[Event "Sarajevo"]
[Site "Sarajevo"]
[Date "1984.??.??"]
[Round "?"]
[White "Popovic, Petar"]
[Black "Kurajica, Bojan"]
[Result "1-0"]
[WhiteElo "2515"]
[BlackElo "2495"]

1.e4 c5 2.Nf3 e6 3.d4 cxd4 4.Nxd4 Nc6 5.Nc3 d6 6.g3 a6 7.Bg2 Bd7 8.O-O Nf6
9.Re1 Rc8 10.Nxc6 Bxc6 11.a4 Be7 12.a5 O-O 13.Be3 Qc7 14.Bb6 Qd7 15.h3 Bd8
16.Bd4 Rb8 17.b3 Qc8 18.Qd2 Nd7 19.Na4 Qc7 20.Nb6 Be7 21.c4 e5 22.Be3 Nxb6
23.Bxb6 Qd7 24.Rad1 Qe6 25.Qd3 Rbc8 26.Kh2 Qg6 27.Bf3 Bd7 28.Qe2 Rc6 29.Rd3 Be6
30.Bg4 h6 31.Red1 f5 32.exf5 Bxf5 33.Rf3 Kh7 34.Bxf5 Rxf5 35.Qe4 Rf6 36.Qd5 h5
37.h4 Qg4 38.Rxf6 Bxf6 39.Re1 Qg6 40.Qf3 Kg8 41.Qd5+ Qf7 42.Qe4 Rc8 43.Rd1 Rc6
44.Kg2 Be7 45.Rd5 Qe6 46.Rd3 Qf7 47.Be3 g6 48.Bd2 Qf5 49.Qxf5 gxf5 50.Rf3 f4
51.gxf4 e4 52.Re3 Bxh4 53.Rh3 Bf6 54.Rxh5 b6 55.Kg3 bxa5 56.Bxa5 Bd4 57.Rd5 Bb6
58.f5 Kf7 59.Kf4 Bxf2 60.Kxe4 Bg3 61.Bc3 Rb6 62.Rd3 Bh2 63.Bd4 Rb8 64.Rh3 Re8+
65.Kd3 Be5 66.Rh6 a5 67.Bxe5 Rxe5 68.Rxd6 Rxf5 69.Rd5 Rf3+ 70.Kc2 Rf2+ 71.Kc3  1-0

[Event "Smederevska Palanka"]
[Site "Smederevska Palanka"]
[Date "1984.??.??"]
[Round "?"]
[White "Ljubisavljevic, Zivojin Z"]
[Black "Kirov, Nino"]
[Result "1/2-1/2"]
[WhiteElo "2330"]
[BlackElo "2455"]

1.e4 c5 2.Nf3 Nc6 3.d4 cxd4 4.Nxd4 e6 5.Nc3 Qc7 6.g3 a6 7.Bg2 d6 8.Nxc6 bxc6
9.O-O Be7 10.Be3 Rb8 11.b3 c5 12.Qd2 Nf6 13.h3 Bb7 14.g4 h6 15.Rae1 Rd8 16.f4 d5
17.exd5 O-O 18.d6 Bxd6 19.Bxb7 Qxb7 20.Qf2 c4 21.g5 hxg5 22.fxg5 Nh5 23.Ne2 cxb3
24.cxb3 Be5 25.Qf3 Qxf3 26.Rxf3 Rd3 27.Kg2 Rc8 28.Rc1 Rxc1 29.Bxc1 Rd1 30.b4 Bd6
31.Rb3 Kh7 32.a4 f5 33.gxf6 gxf6 34.b5 axb5 35.axb5 f5 36.b6 Ng3 37.Rxg3 Bxg3
38.Kxg3 e5 39.Bb2 Rd3+ 40.Kh4 Rb3 41.Bxe5 Rxb6 42.Kg5 Rb5 43.Bf4 Kg7 44.h4 Kh7
45.Ng3 Ra5 46.Nxf5 Rb5 47.h5 Ra5 48.Kg4 Rb5 49.Nd6 Ra5 50.Ne4  1/2-1/2

[Event "Smederevska Palanka"]
[Site "Smederevska Palanka"]
[Date "1984.??.??"]
[Round "?"]
[White "Martinovic, Slobodan"]
[Black "Kirov, Nino"]
[Result "1/2-1/2"]
[WhiteElo "2460"]
[BlackElo "2455"]

1.e4 c5 2.Nf3 Nc6 3.d4 cxd4 4.Nxd4 e6 5.Nc3 a6 6.Bf4 d6 7.Nxc6 bxc6 8.Bc4 Nf6
9.Qe2 Nd7 10.O-O-O Qc7 11.Na4 Be7 12.h4 Ne5 13.Bb3 c5 14.Bxe5 dxe5 15.Rh3 O-O
16.Rc3  1/2-1/2

[Event "Smederevska Palanka"]
[Site "Smederevska Palanka"]
[Date "1984.??.??"]
[Round "?"]
[White "Lechtynsky, Jiri"]
[Black "Kirov, Nino"]
[Result "0-1"]
[WhiteElo "2470"]
[BlackElo "2455"]

1.e4 c5 2.Nf3 e6 3.d4 cxd4 4.Nxd4 Nc6 5.Nc3 a6 6.g3 Nxd4 7.Qxd4 Ne7 8.Bg2 Nc6
9.Qe3 Qc7 10.O-O Be7 11.Re1 d6 12.f4 O-O 13.Qf2 b5 14.Be3 Rb8 15.Rad1 Bd7
16.Kh1 Na5 17.Bd4 Nc6 18.e5 dxe5 19.Bxe5 Nxe5 20.Rxe5 Bc6 21.Ree1 Bxg2+ 22.Qxg2 Bb4
23.Re3 Rfd8 24.Rf1 Rbc8 25.f5 Qb6 26.Ref3 Bxc3 27.bxc3 exf5 28.Rxf5 f6 29.g4 h6
30.h4 Rxc3 31.g5 Rc4 32.Qg3 Rdd4 33.gxf6 Rxh4+ 34.Kg2 Rhg4 35.f7+ Kf8 36.Re1 Rxg3+  0-1

[Event "BUL-ch"]
[Site "Sofia"]
[Date "1984.??.??"]
[Round "?"]
[White "Zahariev, Zahari"]
[Black "Radev, Nikolai"]
[Result "1/2-1/2"]
[WhiteElo "2355"]
[BlackElo "2325"]

1.e4 c5 2.Nf3 Nc6 3.d4 cxd4 4.Nxd4 e6 5.Nc3 a6 6.Be2 Qc7 7.O-O Nf6 8.Kh1 Bb4
9.f4 Bxc3 10.bxc3 Nxe4 11.Bd3 d5 12.Bxe4 dxe4 13.Nxc6 Qxc6 14.Ba3 b5 15.Qd4 Bb7
16.Rfd1  1/2-1/2

[Event "CSR-ch"]
[Site "Sumperk"]
[Date "1984.??.??"]
[Round "5"]
[White "Pacl, Vaclav"]
[Black "Lechtynsky, Jiri"]
[Result "1/2-1/2"]
[WhiteElo "2320"]
[BlackElo "2470"]

1.e4 c5 2.Nc3 Nc6 3.Nge2 e6 4.d4 cxd4 5.Nxd4 a6 6.Be2 Qc7 7.f4 d6 8.Be3 Nf6
9.O-O Be7 10.Qe1 O-O 11.Qg3 Nxd4 12.Bxd4 b5 13.a3 Bb7 14.Kh1 Rac8 15.Rae1 Bc6
16.e5 dxe5 17.Bxe5 Qb7 18.f5 exf5 19.Rxf5 Ne8 20.Bd3 g6 21.Rf2 Rd8 22.Rfe2 Bd6
23.Ne4 Bxe4 24.Rxe4 Bxe5 25.Rxe5 Nd6  1/2-1/2

[Event "URS-ch sf"]
[Site "Sverdlovsk"]
[Date "1984.??.??"]
[Round "?"]
[White "Malaniuk, Vladimir P"]
[Black "Osnos, Viatcheslav"]
[Result "1-0"]
[WhiteElo "2485"]
[BlackElo "2455"]

1.e4 c5 2.Nf3 e6 3.d4 cxd4 4.Nxd4 Nc6 5.Nc3 a6 6.f4 Qc7 7.Nxc6 bxc6 8.Bd3 d5
9.O-O Nf6 10.Kh1 Be7 11.e5 Nd7 12.Na4 c5 13.c4 d4 14.Qg4 O-O 15.Bd2 f5 16.Qe2 Bb7
17.b3 Kh8 18.h3 Rg8 19.Kh2 g5 20.g3 gxf4 21.Bxf4 Bg5 22.Rg1 Rg7 23.h4 Bxf4
24.gxf4 Rag8 25.Rg5 Nf6 26.Rag1 Ng4+ 27.R1xg4 fxg4 28.Qxg4 Qc6 29.Kg1 h6
30.Kf2 Qe8 31.Nxc5 hxg5 32.hxg5 Rxg5 33.fxg5 Qf8+ 34.Ke2 Qxc5 35.Qh3+ Kg7
36.Qh6+ Kf7 37.Qf6+ Ke8 38.Qxe6+ Kf8 39.Bh7 Rg7 40.Qf6+ Rf7 41.Qd8+  1-0